Statistics for Top 15 MLB Players 2021

Click here to take the quiz!

General Stats

  • This quiz has been taken 41 times
  • The average score is 9 of 15

Answer Stats

HintAnswer% Correct
1Mike Trout
94%
5Ronald Acuna Jr
88%
3Cody Bellinger
85%
7Jacob Degrom
85%
2Mookie Betts
85%
11Gerrit Cole
79%
15Freddie Freeman
74%
14Aaron Judge
71%
4Christian Yelich
65%
12Max Scherzer
41%
9Alex Bregman
29%
8Trevor Bauer
24%
10Juan Soto
21%
13Justin Verlander
18%
6Francisco Lindor
3%

Score Distribution

Percentile by Number Answered

Percent of People with Each Score

Your Score History

You have not taken this quiz